Lempriere's classical encyclopaedia of Greek and Roman mythology

Saved in:
Bibliographic Details
Other Authors: Baker, Douglas (Editor)
Format: Book
Language:English
Published: England : Douglas Baker, c1977
Subjects:
Tags: Add Tag
No Tags, Be the first to tag this record!

MARC

LEADER 00000cam a2200000 i 4500
001 1/83013
008 990528s1977 eng d
020 |a 0-906006-08-2 
020 |a 0-906006-15-5 
020 |a 0-906006-56-2 
035 |l 10051239 
040 |a GR-MY-UA  |b gre  |e aacr 
041 0 |a eng 
082 0 |a 292.13 
245 1 0 |a Lempriere's classical encyclopaedia of Greek and Roman mythology /  |c edited by Douglas Baker 
260 |a England :   |b Douglas Baker,   |c c1977 
300 |a 659 p.  |b fig. 
505 0 |a Volume 1: A to CVolume 2: D to LVolume 3: Pom to Z 
650 0 0 |a Mythology, Classical. 
650 0 0 |a Mythology, Roman. 
650 0 0 |a Mythology, Classical  |x Encyclopedias. 
650 0 0 |a Mythology, Greek. 
700 1 |a Baker, Douglas.  |4 edt 
852 |a INST  |b LESVOS  |e 19991021  |h 292.13 LEM  |p 005100019121  |q 005100019121  |t REF  |y 23  |z v.3 
852 |a INST  |b LESVOS  |e 19991021  |h 292.13 LEM  |p 005100019122  |q 005100019122  |t REF  |y 23  |z v.2 
852 |a INST  |b LESVOS  |e 19990528  |h 292.13 LEM  |p 005100019123  |q 005100019123  |t REF  |y 23  |z v.1 
852 |a INST  |b LESVOS  |e 19991021  |h 292.13 LEM  |p 005100019121  |q 005100019121  |t REF  |v v.3:  |y 23  |z v.3 
852 |a INST  |b LESVOS  |e 19991021  |h 292.13 LEM  |p 005100019122  |q 005100019122  |t REF  |v v.2:  |y 23  |z v.2 
852 |a INST  |b LESVOS  |e 19990528  |h 292.13 LEM  |p 005100019123  |q 005100019123  |t REF  |v v.1:  |y 23  |z v.1 
853 |a INST  |b LESVOS  |h 292.13 LEM 
901 |a BIBL1-1999-3 
909 |a Λ  |b 062408 
909 |a Λ  |b 062409 
909 |a Λ  |b 062410 
922 |a 1ΕΛΗ  |b 199812  |c ΚΠΣ/ΚΥΒ  |d LEADER 
950 |a 023-1998-09-14 
970 |a ΤΖΑΦΕΡΗ  |b ΕΥΑΓΓΕΛΙΑ  |z 1999/10/21